000 00724nam a2200241Ia 4500
003 GCL
008 140319s9999 xx 000 0 ara d
040 _aGCL /
_cGCL
082 0 4 _a415.3
_bا ا
100 1 _aابوالقاسم الزجاجى
245 1 0 _aالايضاح فى علل النحو الانصاف فى مسائل الخلاف /
_cابوالقاسم الزجاجى
700 1 _aابوسعيد الانبارى
700 1 _aمازن مبارك
260 _a[S.N] :
_bدار العروبة
300 _a455
490 _a
650 0 4 _aالنحو
650 0 4 _aالبصرة
650 0 4 _aالمدارس النحوية
650 0 4 _aالكوفة
650 0 4 _aالنحويين
942 _2ddc
_cBK
999 _c29855
_d29855